[Event "III Festival A"]
[Site "Ortisei - Sankt Ulrich in Groeden ITA"]
[Date "2016.06.05"]
[Round "2"]
[White "Corvi, Marco"]
[Black "Werle, Jan"]
[WhiteElo "2305"]
[BlackElo "2563"]
[Result "1-0"]
[PlyCount "97"]
[EventDate "2016.06.04"]

1. c4 f5 2. Nc3 e6 3. g3 Nf6 4. Bg2 c6 5. d4 d5 6. Nf3 Bd6 7. Bf4 Bxf4 8. gxf4
O-O 9. e3 Nbd7 10. cxd5 exd5 11. Qc2 Ne4 12. O-O-O Nb6 13. Ne5 Be6 14. Rhg1 Rc8
15. Kb1 Qe7 16. Bxe4 dxe4 17. Rg5 Rc7 18. Na4 Nd5 19. Rdg1 Nb4 20. Qc5 Bxa2+
21. Kc1 Nd3+ 22. Nxd3 exd3 23. Rxg7+ Qxg7 24. Rg5 Rf6 25. Rxg7+ Rxg7 26. Nc3
Bb3 27. Kd2 Rg2 28. Kxd3 Rxf2 29. Ne2 b5 30. Qe7 Rf7 31. Qd8+ Rf8 32. Qg5+ Kh8
33. Ng3 Rg2 34. Qh6 Rf7 35. Kc3 Bd5 36. Kb4 Rxb2+ 37. Kc5 Rc2+ 38. Kd6 Rc3 39.
Qg5 Rg7 40. Qd8+ Bg8 41. Nxf5 Rg6+ 42. Ke7 Rc1 43. Ng3 b4 44. f5 Rg7+ 45. Kf8
Rf7+ 46. Ke8 b3 47. Qd6 b2 48. Qe5+ Rg7 49. Kf8 1-0

[Event "III Festival A"]
[Site "Ortisei - Sankt Ulrich in Groeden ITA"]
[Date "2016.06.05"]
[Round "2"]
[White "Enkhtuul, Altan-Ulzii"]
[Black "Sprenger, Jan Michael"]
[WhiteElo "2258"]
[BlackElo "2506"]
[Result "0-1"]
[PlyCount "130"]
[EventDate "2016.06.04"]

1. d4 f5 2. Bg5 g6 3. Nf3 Bg7 4. c3 Nf6 5. Nbd2 O-O 6. Bxf6 Bxf6 7. e4 e6 8.
Bd3 Nc6 9. Qb3 d5 10. exf5 exf5 11. O-O-O Qd6 12. h4 h6 13. Qc2 Bd7 14. Kb1
Rae8 15. Nb3 Bg7 16. Rde1 Rxe1+ 17. Rxe1 b6 18. Nc1 Re8 19. Rxe8+ Bxe8 20. h5
gxh5 21. Bxf5 Ne7 22. Bd3 c5 23. Qe2 Kf8 24. Qe3 Ng6 25. Ne2 Bd7 26. Kc1 Be8
27. g3 Bf7 28. Bxg6 Bxg6 29. Qf4+ Ke7 30. Ne5 Be8 31. Qe3 Kd8 32. Nf4 Bf6 33.
Nfd3 cxd4 34. cxd4 h4 35. gxh4 Bxh4 36. Qh3 Be7 37. f4 h5 38. Kb1 h4 39. Qg4
Kc7 40. f5 Bf6 41. Qg8 Bb5 42. Qa8 Bxd3+ 43. Nxd3 h3 44. Qxa7+ Kd8 45. Ne5 Bxe5
46. dxe5 Qxe5 47. Qxb6+ Ke7 48. Qb4+ Kf7 49. Qb7+ Kf6 50. Qc6+ Kxf5 51. Qd7+
Qe6 52. Qh7+ Kg4 53. Qg7+ Kf4 54. a3 h2 55. Qc7+ Qe5 56. Qc1+ Kg3 57. Ka1 d4
58. Qb1 Kf2 59. Qc2+ Qe2 60. Qf5+ Qf3 61. Qc2+ Kg1 62. Qg6+ Qg2 63. Qb6 h1=Q
64. Qxd4+ Kh2+ 65. Ka2 Qd5+ 0-1

[Event "III Festival A"]
[Site "Ortisei - Sankt Ulrich in Groeden ITA"]
[Date "2016.06.05"]
[Round "2"]
[White "Johnsen, Gunnar"]
[Black "Kindermann, Stefan"]
[WhiteElo "2178"]
[BlackElo "2515"]
[Result "0-1"]
[PlyCount "90"]
[EventDate "2016.06.04"]

1. d4 f5 2. g3 Nf6 3. Bg2 g6 4. Nf3 Bg7 5. O-O O-O 6. c4 d6 7. Nc3 c6 8. d5 e5
9. dxe6 Bxe6 10. b3 Na6 11. Ng5 Qe7 12. Nxe6 Qxe6 13. Bb2 Nc5 14. Qc2 Rad8 15.
Rad1 Rfe8 16. e3 Qe7 17. Ne2 Nce4 18. Nf4 Qf7 19. b4 Ng4 20. Bxg7 Qxg7 21. Bxe4
fxe4 22. h3 Ne5 23. Qxe4 Qf7 24. Qc2 Nxc4 25. h4 Ne5 26. Kg2 d5 27. Rd4 Nc4 28.
Qd3 Nd6 29. Ne2 Re5 30. Rf4 Qe7 31. Nd4 Re4 32. Rxe4 Nxe4 33. a3 Rf8 34. Ne2
Qf6 35. Nf4 Qb2 36. Ne2 Nd2 37. Rd1 Nc4 38. Nf4 Qxa3 39. Qd4 Qxb4 40. Nxd5 cxd5
41. Qxd5+ Kg7 42. Qd4+ Rf6 43. Rc1 b5 44. Qxa7+ Rf7 45. Qd4+ Kh6 0-1

[Event "III Festival A"]
[Site "Ortisei - Sankt Ulrich in Groeden ITA"]
[Date "2016.06.05"]
[Round "2"]
[White "Kristensen, Kaare Hove"]
[Black "Engl, Stefan"]
[WhiteElo "2367"]
[BlackElo "1964"]
[Result "1-0"]
[PlyCount "71"]
[EventDate "2016.06.04"]

1. d4 e6 2. e4 d5 3. Nc3 Bb4 4. Nge2 dxe4 5. a3 Be7 6. Nxe4 Nd7 7. Bf4 Ngf6 8.
Qd3 b6 9. O-O-O Bb7 10. N2c3 O-O 11. Ng5 h6 12. h4 Bd6 13. Be3 a6 14. Nge4 Be7
15. Nxf6+ Nxf6 16. Be2 b5 17. Rh3 b4 18. axb4 Bxb4 19. g4 Bxc3 20. Qxc3 Nd5 21.
Qb3 Rb8 22. g5 Bc6 23. Qa3 Nxe3 24. Qxe3 h5 25. Bxh5 Qd6 26. Bf3 Bd5 27. h5 Rb6
28. g6 fxg6 29. hxg6 Rf6 30. Rdh1 Kf8 31. Bxd5 Qxd5 32. Rh5 Qa2 33. Qc3 Rxf2
34. Rh8+ Ke7 35. Qxc7+ Kf6 36. Rf8+ 1-0

[Event "III Festival A"]
[Site "Ortisei - Sankt Ulrich in Groeden ITA"]
[Date "2016.06.05"]
[Round "2"]
[White "Lodici, Lorenzo"]
[Black "Boehm, Martin"]
[WhiteElo "2379"]
[BlackElo "2234"]
[Result "1-0"]
[PlyCount "69"]
[EventDate "2016.06.04"]

1. d4 c5 2. d5 g6 3. c4 Bg7 4. Nc3 Nf6 5. e4 d6 6. Nge2 O-O 7. Ng3 e6 8. Be2
exd5 9. cxd5 a6 10. a4 Re8 11. O-O Nbd7 12. f4 h5 13. e5 dxe5 14. f5 Nf8 15.
fxg6 fxg6 16. Bc4 e4 17. Bg5 N8h7 18. Ncxe4 Re5 19. Nxf6+ Bxf6 20. Bxf6 Nxf6
21. Qb3 h4 22. Ne2 Ne4 23. d6+ Kh8 24. Qe3 Qg5 25. Rf8+ Kg7 26. Rg8+ Kh6 27.
Qxg5+ Kxg5 28. d7 Bxd7 29. Rxa8 Nd2 30. Bd3 c4 31. Bxc4 Nxc4 32. Nd4 Bg4 33. b3
Rd5 34. Nf3+ Bxf3 35. bxc4 1-0

[Event "III Festival A"]
[Site "Ortisei - Sankt Ulrich in Groeden ITA"]
[Date "2016.06.05"]
[Round "2"]
[White "Manfredi, Vincenzo"]
[Black "Codenotti, Marco"]
[WhiteElo "2258"]
[BlackElo "2451"]
[Result "0-1"]
[PlyCount "108"]
[EventDate "2016.06.04"]

1. d4 Nf6 2. c4 g6 3. Nc3 d5 4. Nf3 Bg7 5. e3 O-O 6. Be2 c5 7. O-O cxd4 8. exd4
Nc6 9. Re1 Bg4 10. cxd5 Nxd5 11. h3 Bf5 12. Bg5 h6 13. Be3 Rc8 14. Qd2 Nxe3 15.
Qxe3 Nxd4 16. Rad1 Nxe2+ 17. Rxe2 Qb6 18. Qxb6 axb6 19. Rxe7 Rb8 20. Rd6 Rbd8
21. Rxb6 Bc8 22. Ne4 Rd1+ 23. Kh2 Rfd8 24. Ne5 Be6 25. Nf3 Bxa2 26. b3 R1d7 27.
Rxb7 Rxe7 28. Rxe7 Bxb3 29. Ng3 Be6 30. h4 Ra8 31. Rb7 Ra4 32. Rb8+ Kh7 33. Rd8
Bf6 34. Rd3 Bxh4 35. Nxh4 Rxh4+ 36. Kg1 Rb4 37. f3 g5 38. Rd8 Rb6 39. Rd4 Rb3
40. Rd8 Kg7 41. Rd4 Kg6 42. Ne4 Rb5 43. g4 f5 44. Nf2 Kf6 45. Kg2 Bd5 46. Kg3
Ke5 47. Rd2 Rb3 48. Rd3 f4+ 49. Kg2 Rb2 50. Kg1 Rb1+ 51. Kg2 Re1 52. Nh3 Re3
53. Rxe3+ fxe3 54. Kg3 e2 0-1

[Event "III Festival A"]
[Site "Ortisei - Sankt Ulrich in Groeden ITA"]
[Date "2016.06.05"]
[Round "2"]
[White "Markus, Robert"]
[Black "Barp, Alberto"]
[WhiteElo "2662"]
[BlackElo "2326"]
[Result "1-0"]
[PlyCount "71"]
[EventDate "2016.06.04"]

1. d4 d5 2. c4 e6 3. Nf3 c6 4. e3 Nf6 5. b3 Nbd7 6. Bb2 Bd6 7. Nbd2 O-O 8. Bd3
Qe7 9. Ne5 Ba3 10. Bxa3 Qxa3 11. O-O Qd6 12. Nxd7 Bxd7 13. c5 Qc7 14. f4 b6 15.
Rc1 b5 16. Nf3 a5 17. Ne5 b4 18. g4 Bc8 19. g5 Ne4 20. Bxe4 dxe4 21. Qc2 Ba6
22. Nc4 Bxc4 23. bxc4 a4 24. Rb1 Rfb8 25. Rf2 Qa5 26. Qxe4 b3 27. axb3 axb3 28.
f5 exf5 29. Qxf5 Rb7 30. Rxb3 g6 31. Qb1 Rxb3 32. Qxb3 Qe1+ 33. Kg2 Re8 34. Qb7
Qxe3 35. Qxf7+ Kh8 36. Qf4 1-0

[Event "III Festival A"]
[Site "Ortisei - Sankt Ulrich in Groeden ITA"]
[Date "2016.06.05"]
[Round "2"]
[White "Molina, Fabrizio"]
[Black "Gaehwiler, Gabriel"]
[WhiteElo "2222"]
[BlackElo "2363"]
[Result "0-1"]
[PlyCount "48"]
[EventDate "2016.06.04"]

1. d4 Nf6 2. Nf3 g6 3. Bg5 Bg7 4. Nbd2 d5 5. e3 c6 6. Bd3 Bg4 7. O-O Nbd7 8. c4
O-O 9. h3 Bxf3 10. Qxf3 Qb6 11. c5 Qxb2 12. Qe2 Qa3 13. Rfc1 e5 14. Nb3 exd4
15. exd4 Rfe8 16. Qc2 Ne4 17. Be3 Rac8 18. f3 Nexc5 19. Re1 Nxb3 20. axb3 Qb4
21. Kh1 Bxd4 22. Bd2 Qc5 23. Rxe8+ Rxe8 24. Qxc5 Nxc5 0-1

[Event "III Festival A"]
[Site "Ortisei - Sankt Ulrich in Groeden ITA"]
[Date "2016.06.05"]
[Round "2"]
[White "Neverov, Valeriy"]
[Black "Dappiano, Andrea"]
[WhiteElo "2507"]
[BlackElo "2288"]
[Result "1-0"]
[PlyCount "67"]
[EventDate "2016.06.04"]

1. d4 e6 2. Nf3 c5 3. g3 cxd4 4. Nxd4 Nf6 5. Bg2 Nc6 6. O-O Bc5 7. Nb3 Be7 8.
c4 d5 9. Nc3 dxc4 10. Qxd8+ Bxd8 11. Nd2 Na5 12. b4 cxb3 13. axb3 Bd7 14. Ba3
Bc6 15. e4 b5 16. Rfc1 Bb6 17. Bb4 Rd8 18. Ncb1 Nxb3 19. Nxb3 Bxe4 20. Nc3 Bxg2
21. Kxg2 Nd5 22. Nxd5 Rxd5 23. Bc5 Bxc5 24. Rxc5 Rxc5 25. Nxc5 O-O 26. Rxa7 Rb8
27. Na6 Rc8 28. Rb7 g6 29. Rxb5 Rc2 30. Nc5 h5 31. Ne4 Rc7 32. Nf6+ Kf8 33.
Rb8+ Ke7 34. Ne4 1-0

[Event "III Festival A"]
[Site "Ortisei - Sankt Ulrich in Groeden ITA"]
[Date "2016.06.05"]
[Round "2"]
[White "Olivetti, Davide"]
[Black "Ledger, Andrew J"]
[WhiteElo "2063"]
[BlackElo "2380"]
[Result "1/2-1/2"]
[PlyCount "65"]
[EventDate "2016.06.04"]

1. e4 c6 2. d4 d5 3. e5 Bf5 4. Nf3 e6 5. Be2 Ne7 6. O-O Bg6 7. b3 c5 8. c4 Nd7
9. Nc3 dxc4 10. d5 exd5 11. Nxd5 cxb3 12. axb3 Nb6 13. Nc3 a6 14. Bg5 Qxd1 15.
Rfxd1 Nc6 16. Bb5 axb5 17. Nxb5 Rc8 18. Ra7 Bc2 19. Rd2 Be4 20. Rxb7 Nd5 21. h3
h6 22. Bh4 g5 23. Bxg5 Bxf3 24. gxf3 hxg5 25. Rxd5 Be7 26. Kg2 Kf8 27. Rdd7 Rh6
28. Nd6 Bxd6 29. Rxf7+ Ke8 30. exd6 Rxd6 31. Rg7 Rf6 32. Rg8+ Rf8 33. Rxg5
1/2-1/2

[Event "III Festival A"]
[Site "Ortisei - Sankt Ulrich in Groeden ITA"]
[Date "2016.06.05"]
[Round "2"]
[White "Prasanna, Raghuram Rao"]
[Black "Karl, Hans"]
[WhiteElo "2466"]
[BlackElo "2100"]
[Result "1-0"]
[PlyCount "97"]
[EventDate "2016.06.04"]

1. e4 e5 2. Nf3 Nc6 3. Bc4 Nf6 4. d3 Bc5 5. O-O d6 6. c3 Bb6 7. Bb3 h6 8. Nbd2
O-O 9. Nc4 Be6 10. a4 Qe7 11. Ne3 Bxe3 12. Bxe3 Bxb3 13. Qxb3 b6 14. h3 Rad8
15. Qb5 Qd7 16. Rfe1 Rfe8 17. Rad1 Nb8 18. Qb3 c5 19. Nh4 Nc6 20. Qc2 d5 21.
Nf5 d4 22. Bc1 Ne7 23. Ng3 dxc3 24. bxc3 Ng6 25. Be3 Kh7 26. d4 cxd4 27. cxd4
Rc8 28. Qb3 exd4 29. Bxd4 Qe6 30. Qb2 Ne5 31. f4 Nc4 32. Qe2 Qc6 33. e5 Nd5 34.
Qf3 Ne7 35. Qd3+ Kg8 36. f5 Nd5 37. Qf3 Ne7 38. Qg4 Kh7 39. Nh5 Rg8 40. f6 g6
41. Ng3 Nd5 42. e6 Rgf8 43. Ne4 fxe6 44. Qh4 e5 45. Ng5+ Kg8 46. Qxh6 Rxf6 47.
Qh7+ Kf8 48. Bxe5 Nxe5 49. Rxe5 1-0

[Event "III Festival A"]
[Site "Ortisei - Sankt Ulrich in Groeden ITA"]
[Date "2016.06.05"]
[Round "2"]
[White "Ruecker, Benjamin"]
[Black "Bertagnolli, Alexander"]
[WhiteElo "2229"]
[BlackElo "2376"]
[Result "1-0"]
[PlyCount "117"]
[EventDate "2016.06.04"]

1. d4 Nf6 2. c4 c5 3. d5 b5 4. cxb5 a6 5. bxa6 g6 6. Nc3 Bg7 7. e4 O-O 8. a7
Rxa7 9. Nf3 Qa5 10. Bd2 Rb7 11. Rb1 e6 12. Bc4 Rb4 13. Be2 Qa8 14. a3 Rxe4 15.
Nxe4 Nxe4 16. dxe6 fxe6 17. O-O Bb7 18. Qc1 Rc8 19. Bh6 Bh8 20. Rd1 Nf6 21. Qf4
Be4 22. Rbc1 Bf5 23. b4 Qxa3 24. Rxc5 Nc6 25. Rcc1 Re8 26. b5 Ne7 27. Qe3 Qb2
28. Qd2 Qxd2 29. Bxd2 Nfd5 30. h3 Nb6 31. Bc3 Bxc3 32. Rxc3 Ned5 33. Ra3 Na4
34. Rxa4 Nc3 35. Rxd7 Nxa4 36. Nd4 Be4 37. Nxe6 Bf5 38. Rd8 Rxd8 39. Nxd8 Kf8
40. Nc6 Be4 41. Nd4 Ke7 42. f3 Bd5 43. h4 Kd6 44. Kf2 Nb6 45. Ke3 Nd7 46. Kf4
Kc5 47. Nc6 Bxc6 48. bxc6 Kxc6 49. Kg5 Kd6 50. Kh6 Nf6 51. g4 Ke5 52. Kg7 Nd5
53. Kxh7 Nf4 54. Bd1 Ng2 55. Kxg6 Nxh4+ 56. Kf7 Kf4 57. Kf6 Ng2 58. g5 Ne3 59.
g6 1-0

[Event "III Festival A"]
[Site "Ortisei - Sankt Ulrich in Groeden ITA"]
[Date "2016.06.05"]
[Round "2"]
[White "Spornberger, Andre"]
[Black "Nabaty, Tamir"]
[WhiteElo "2307"]
[BlackElo "2610"]
[Result "0-1"]
[PlyCount "70"]
[EventDate "2016.06.04"]

1. e4 e5 2. Nf3 Nc6 3. Bc4 Bc5 4. c3 Nf6 5. d3 O-O 6. h3 d5 7. exd5 Nxd5 8. O-O
Nb6 9. Bb5 f6 10. Bxc6 bxc6 11. d4 exd4 12. cxd4 Bd6 13. Nc3 Re8 14. Re1 Be6
15. b3 Bf7 16. Ne4 Bf8 17. Bb2 a5 18. Rc1 a4 19. Nc5 axb3 20. axb3 Ra2 21. Ba1
Bd5 22. Nd2 Bd6 23. Nb7 Rxe1+ 24. Qxe1 Qe7 25. Nxd6 Qxe1+ 26. Rxe1 cxd6 27. Bc3
Kf7 28. Bb4 Nc8 29. Ne4 Bxe4 30. Rxe4 Rb2 31. Re3 Ne7 32. Re4 Nf5 33. g4 Rxb3
34. Bd2 d5 35. Rf4 Nh4 0-1

[Event "III Festival A"]
[Site "Ortisei - Sankt Ulrich in Groeden ITA"]
[Date "2016.06.05"]
[Round "2"]
[White "Tillmann, Marc"]
[Black "Singer, Christoph"]
[WhiteElo "2020"]
[BlackElo "2355"]
[Result "0-1"]
[PlyCount "82"]
[EventDate "2016.06.04"]

1. d4 d5 2. c4 e6 3. Nc3 Be7 4. Nf3 Nf6 5. Bg5 O-O 6. e3 Nbd7 7. cxd5 exd5 8.
Bd3 c6 9. Qc2 Re8 10. O-O Nf8 11. Rab1 Ng6 12. b4 a6 13. h3 Ne4 14. Bxe7 Qxe7
15. a4 Ng5 16. Nxg5 Qxg5 17. Bxg6 hxg6 18. f4 Qf6 19. Rbe1 Bf5 20. Qd2 Qd6 21.
b5 cxb5 22. axb5 a5 23. Qa2 Bd3 24. Rf2 Bc4 25. Qd2 a4 26. f5 a3 27. Ra1 gxf5
28. Rxf5 Qb4 29. Qc1 Qb2 30. Nxd5 Qxc1+ 31. Rxc1 Bxd5 32. Rxd5 a2 33. Ra1 Rxe3
34. Rc5 Rb3 35. Rcc1 Rxb5 36. Kh2 Rb2 37. Rd1 b5 38. d5 b4 39. d6 b3 40. d7 Rd8
41. Rac1 Rc2 0-1

[Event "III Festival A"]
[Site "Ortisei - Sankt Ulrich in Groeden ITA"]
[Date "2016.06.05"]
[Round "2"]
[White "Vocaturo, Daniele"]
[Black "Spornberger, Maximilian"]
[WhiteElo "2576"]
[BlackElo "2306"]
[Result "1-0"]
[PlyCount "129"]
[EventDate "2016.06.04"]

1. e4 e6 2. d4 d5 3. Nc3 Bb4 4. e5 c5 5. a3 Bxc3+ 6. bxc3 Qa5 7. Bd2 Qa4 8. Qb1
c4 9. Ne2 Nc6 10. Nf4 Nge7 11. Be2 Bd7 12. Nh5 Rg8 13. O-O O-O-O 14. Bg4 Rdf8
15. Bh3 Kb8 16. Qb2 Ka8 17. Rae1 Bc8 18. Kh1 Nd8 19. Re2 Qe8 20. Nf4 Qa4 21. g3
g6 22. Qb4 Qxb4 23. cxb4 Bd7 24. c3 Rh8 25. Ng2 h6 26. Ne3 Ba4 27. Bc1 a6 28.
Ng4 Ng8 29. Bg2 Nc6 30. h4 Nce7 31. Bh3 Kb8 32. Kg2 Kc7 33. Nh2 Kb6 34. h5 gxh5
35. f4 h4 36. g4 h5 37. g5 Bd7 38. Ra2 Ka7 39. a4 Rh7 40. b5 Rg7 41. Ba3 f6 42.
exf6 Rxf6 43. Bd6 Rff7 44. bxa6 Kxa6 45. Re2 Nf5 46. Bxf5 Rxf5 47. Be5 h3+ 48.
Kxh3 Re7 49. Nf3 Rf8 50. Kh4 Ree8 51. Kxh5 Ne7 52. Nh4 Bxa4 53. Bf6 Bd7 54.
Bxe7 Rxe7 55. g6 Rg7 56. Kg5 Rfg8 57. Rfe1 b5 58. Rxe6+ Bxe6 59. Rxe6+ Ka5 60.
Nf5 Rc7 61. Ne7 Rb8 62. Nc6+ Rxc6 63. Rxc6 b4 64. cxb4+ Kxb4 65. f5 1-0

[Event "III Festival A"]
[Site "Ortisei - Sankt Ulrich in Groeden ITA"]
[Date "2016.06.05"]
[Round "2"]
[White "Volkov, Dmitriy"]
[Black "Nisipeanu, Liviu-Dieter"]
[WhiteElo "2338"]
[BlackElo "2668"]
[Result "0-1"]
[PlyCount "142"]
[EventDate "2016.06.04"]

1. e4 e5 2. Nf3 Nc6 3. d4 exd4 4. Nxd4 Nf6 5. Nxc6 bxc6 6. e5 Qe7 7. Qe2 Nd5 8.
c4 Nb6 9. Nc3 Qe6 10. Qe4 d5 11. exd6 Bxd6 12. Bd3 f5 13. Qe2 O-O 14. O-O Qf7
15. b3 Be6 16. f4 Qf6 17. Bb2 Bc5+ 18. Kh1 Bd4 19. c5 Nd5 20. Nxd5 Bxd5 21.
Bxd4 Qxd4 22. Qc2 g6 23. Rad1 Qb4 24. Bc4 Rad8 25. Rd4 Qxc5 26. Bxd5+ Rxd5 27.
Qxc5 Rxc5 28. Kg1 Re8 29. Rfd1 Kf7 30. Kf2 Kf6 31. g3 h6 32. h4 a5 33. R1d2 h5
34. Rd7 Re7 35. Rd8 Rc3 36. R8d3 Rc1 37. Rd1 Rc5 38. R1d2 Ke6 39. Re3+ Kf7 40.
Red3 Rc1 41. Rd1 Rxd1 42. Rxd1 Ke8 43. Rc1 Kd7 44. Rc5 a4 45. bxa4 Re4 46. Ra5
Kd6 47. Ra8 c5 48. a5 Ra4 49. a6 Rxa2+ 50. Ke3 Ra3+ 51. Kd2 Kd5 52. a7 Kc4 53.
Kc2 c6 54. Kb2 Rb3+ 55. Kc2 Rb7 56. Kd2 Rd7+ 57. Kc2 Kd4 58. Rg8 Rxa7 59. Rxg6
Ra2+ 60. Kb3 Rg2 61. Rd6+ Ke4 62. Rg6 Kf3 63. Rg5 Rxg3 64. Kc4 Kxf4 65. Rxh5
Rf3 66. Rh8 Rh3 67. Kxc5 Kg4 68. Rg8+ Kxh4 69. Kxc6 Rd3 70. Kc5 f4 71. Kc4 Rd7
0-1

[Event "III Festival A"]
[Site "Ortisei - Sankt Ulrich in Groeden ITA"]
[Date "2016.06.05"]
[Round "3"]
[White "Barp, Alberto"]
[Black "Nelson, Jonathan P"]
[WhiteElo "2326"]
[BlackElo "2183"]
[Result "0-1"]
[PlyCount "78"]
[EventDate "2016.06.04"]

1. d4 Nf6 2. c4 d6 3. Nc3 Nbd7 4. e4 e5 5. d5 Be7 6. Be3 c6 7. f3 a6 8. Nge2
cxd5 9. cxd5 Nh5 10. Qd2 h6 11. Nd1 Bg5 12. g3 g6 13. h4 Bxe3 14. Nxe3 Nc5 15.
g4 Ng7 16. h5 b5 17. hxg6 fxg6 18. Ng2 Qf6 19. Rxh6 Nd3+ 20. Kd1 Rxh6 21. Qxh6
Kf7 22. Nh4 Bxg4 23. Kd2 Bh5 24. Kxd3 Qxh4 25. Rc1 Re8 26. Rc6 Re7 27. Qe3 Qe1
28. Rc1 Qb4 29. Rc2 Nf5 30. exf5 gxf5 31. Nc3 Qc4+ 32. Kd2 Qxf1 33. Qg5 Bg6 34.
Rc1 Qxf3 35. Rg1 Qh5 36. Qg2 Rc7 37. Ne4 fxe4 38. Rh1 Qf3 39. Rf1 e3+ 0-1

[Event "III Festival A"]
[Site "Ortisei - Sankt Ulrich in Groeden ITA"]
[Date "2016.06.05"]
[Round "3"]
[White "Bertagnolli, Alexander"]
[Black "Tscharotschkin, Michael"]
[WhiteElo "2376"]
[BlackElo "2205"]
[Result "1/2-1/2"]
[PlyCount "142"]
[EventDate "2016.06.04"]

1. e4 e6 2. d4 d5 3. exd5 exd5 4. Bd3 Bd6 5. Qf3 c6 6. Ne2 Qf6 7. Bf4 Bxf4 8.
Qxf4 Qxf4 9. Nxf4 Ne7 10. O-O Bf5 11. Re1 Bxd3 12. Nxd3 Nd7 13. Nd2 f6 14. c4
Kf7 15. Rac1 Rac8 16. c5 Rhe8 17. b4 Nf8 18. Nf4 Nf5 19. Nb3 g5 20. Ne2 Ne6 21.
Kf1 Re7 22. a4 a6 23. Rc2 Rce8 24. Ra1 Nf4 25. Nxf4 gxf4 26. Rd2 f3 27. g3 Re2
28. Rd3 Rb2 29. Rxf3 Re4 30. Rd1 Kg6 31. b5 axb5 32. axb5 cxb5 33. Ra1 Nxd4 34.
Nxd4 Rxd4 35. Ra7 Rc4 36. Rxb7 f5 37. Rb6+ Kg5 38. Rd6 Rd2 39. c6 f4 40. c7
fxg3 41. hxg3 Rxc7 42. Rdf6 Re7 43. R3f5+ Kg4 44. Rf4+ Kg5 45. Kg2 Re4 46. Rf3
Re5 47. Rf7 h5 48. R3f6 Re7 49. Rf8 Re8 50. R8f7 Re7 51. Rf8 Re8 52. Rf5+ Kg6
53. R8f6+ Kg7 54. Rb6 h4 55. gxh4 Rd4 56. h5 b4 57. Rb7+ Kh6 58. Rb6+ Kg7 59.
Rg6+ Kh8 60. Rf7 Rg8 61. f4 Rxg6+ 62. hxg6 b3 63. Kf3 Rb4 64. f5 Kg8 65. f6 Rb6
66. Rg7+ Kf8 67. Rf7+ Kg8 68. Rg7+ Kf8 69. Rf7+ Ke8 70. Re7+ Kd8 71. Rf7 Ke8
1/2-1/2

[Event "III Festival A"]
[Site "Ortisei - Sankt Ulrich in Groeden ITA"]
[Date "2016.06.05"]
[Round "3"]
[White "Codenotti, Marco"]
[Black "Markus, Robert"]
[WhiteElo "2451"]
[BlackElo "2662"]
[Result "1/2-1/2"]
[PlyCount "38"]
[EventDate "2016.06.04"]

1. e4 d6 2. d4 Nf6 3. Nc3 g6 4. Nf3 Bg7 5. Be2 O-O 6. O-O c6 7. a4 Qc7 8. Bf4
Nh5 9. Be3 e5 10. Qd2 Nd7 11. Rfe1 Nhf6 12. h3 Re8 13. Bc4 exd4 14. Bxd4 Ne5
15. Nxe5 dxe5 16. Be3 Nd7 17. Red1 Nf8 18. Qd6 Qxd6 19. Rxd6 a5 1/2-1/2

[Event "III Festival A"]
[Site "Ortisei - Sankt Ulrich in Groeden ITA"]
[Date "2016.06.05"]
[Round "3"]
[White "Corvi, Marco"]
[Black "Neverov, Valeriy"]
[WhiteElo "2305"]
[BlackElo "2507"]
[Result "0-1"]
[PlyCount "74"]
[EventDate "2016.06.04"]

1. c4 g6 2. Nc3 Bg7 3. Nf3 d6 4. g3 f5 5. Bg2 e5 6. d3 Ne7 7. O-O O-O 8. Qc2
Na6 9. a3 c6 10. Rb1 Nc7 11. b4 h6 12. b5 g5 13. bxc6 bxc6 14. a4 Ne6 15. Ba3
a6 16. a5 Ra7 17. Na4 g4 18. Nh4 Bf6 19. Nb6 Bxh4 20. gxh4 Nd4 21. Qd2 f4 22.
e3 f3 23. exd4 fxg2 24. Kxg2 Nf5 25. Nxc8 Nxh4+ 26. Kh1 Nf3 27. Qxh6 Rh7 28.
Qg6+ Kh8 29. Qxh7+ Kxh7 30. Rb7+ Kg6 31. Ne7+ Kg5 32. h4+ Nxh4 33. Bc1+ Rf4 34.
dxe5 dxe5 35. Nxc6 Qxd3 36. Rg7+ Kh6 37. Bxf4+ exf4 0-1

[Event "III Festival A"]
[Site "Ortisei - Sankt Ulrich in Groeden ITA"]
[Date "2016.06.05"]
[Round "3"]
[White "De Santis, Alessio"]
[Black "Martinez, Ayelen"]
[WhiteElo "2275"]
[BlackElo "2146"]
[Result "0-1"]
[PlyCount "82"]
[EventDate "2016.06.04"]

1. b3 c5 2. Bb2 Nc6 3. e3 Nf6 4. Nf3 e6 5. Bb5 Qc7 6. O-O Be7 7. d4 a6 8. Be2
O-O 9. dxc5 Bxc5 10. c4 b6 11. Nbd2 Bb7 12. Qb1 Bd6 13. Bxf6 gxf6 14. Ne4 Be7
15. Qb2 Ne5 16. Ned2 Ng4 17. h3 Nh6 18. Rfd1 Kh8 19. Bd3 Rg8 20. Kf1 Rg7 21. g4
Ng8 22. Ke2 f5 23. g5 f6 24. h4 Rf8 25. Rac1 e5 26. Bxf5 fxg5 27. e4 g4 28. Nh2
Nh6 29. Rg1 Bxh4 30. Rcf1 Nxf5 31. exf5 h5 32. Qc2 e4 33. Nxg4 hxg4 34. Rh1 Rh7
35. Rfg1 e3 36. Qc3+ Bf6 37. Rxh7+ Kxh7 38. Qxe3 Rf7 39. Kd3 Qe5 40. Rxg4 Qxf5+
41. Re4 Bg5 0-1

[Event "III Festival A"]
[Site "Ortisei - Sankt Ulrich in Groeden ITA"]
[Date "2016.06.05"]
[Round "3"]
[White "De Vita, Gianni"]
[Black "Werle, Jan"]
[WhiteElo "2028"]
[BlackElo "2563"]
[Result "0-1"]
[PlyCount "92"]
[EventDate "2016.06.04"]

1. e4 e6 2. d4 d5 3. exd5 exd5 4. Nf3 Bd6 5. Bd3 Nc6 6. O-O Bg4 7. c3 Nge7 8.
Re1 Qd7 9. Nbd2 f6 10. b4 O-O 11. Nf1 Bf5 12. Ng3 Bxd3 13. Qxd3 a5 14. b5 Na7
15. a4 Nac8 16. c4 dxc4 17. Qxc4+ Kh8 18. Qd3 Bb4 19. Re4 Nd6 20. Rh4 Ndf5 21.
Rh5 g6 22. Rh3 Rad8 23. Bb2 Nxg3 24. hxg3 Kg8 25. Qc4+ Nd5 26. Rd1 Rfe8 27. Qd3
Qe6 28. Kf1 Rd7 29. Bc1 Rde7 30. Bd2 Qe4 31. Qxe4 Rxe4 32. Rh4 Re2 33. g4 g5
34. Rh5 Bxd2 35. Rxd2 Rxd2 36. Nxd2 Nf4 37. Rh1 Nd3 38. g3 Re1+ 39. Kg2 Rxh1
40. Kxh1 Nxf2+ 41. Kg2 Nxg4 42. Ne4 Ne3+ 43. Kf3 Nd5 44. Nc5 b6 45. Ke4 bxc5
46. dxc5 c6 0-1

[Event "III Festival A"]
[Site "Ortisei - Sankt Ulrich in Groeden ITA"]
[Date "2016.06.05"]
[Round "3"]
[White "Dittmar, Peter"]
[Black "Castellanos Rodriguez, Renier"]
[WhiteElo "2258"]
[BlackElo "2484"]
[Result "0-1"]
[PlyCount "92"]
[EventDate "2016.06.04"]

1. e4 c5 2. Nf3 e6 3. c3 d5 4. exd5 exd5 5. d4 a6 6. Be3 c4 7. g3 Bd6 8. Bg2
Ne7 9. O-O O-O 10. b3 cxb3 11. axb3 Nbc6 12. Nbd2 h6 13. Re1 Bf5 14. b4 Rc8 15.
Nb3 Nxb4 16. cxb4 Bc2 17. Qd2 Bxb3 18. Reb1 Bc4 19. Ne5 Bb5 20. Ra3 Nc6 21. Ng4
h5 22. Bg5 Be7 23. Bxe7 Nxe7 24. Ne5 Nc6 25. Re3 Qd6 26. Nxc6 Bxc6 27. Re5 Rce8
28. Rbe1 g6 29. Bh3 Kg7 30. f4 f6 31. Re6 Rxe6 32. Rxe6 Qd8 33. f5 Be8 34. Qe3
Bf7 35. Re7 Re8 36. Rxf7+ Kxf7 37. Qh6 g5 38. Bg2 Rh8 39. Qg6+ Kf8 40. Bxd5 Qe7
41. Bxb7 Qe3+ 42. Kf1 Qd3+ 43. Ke1 Qxd4 44. Bd5 Qxb4+ 45. Kf1 Qe7 46. Bc6 Qf7
0-1

[Event "III Festival A"]
[Site "Ortisei - Sankt Ulrich in Groeden ITA"]
[Date "2016.06.05"]
[Round "3"]
[White "Gaehwiler, Gabriel"]
[Black "Vocaturo, Daniele"]
[WhiteElo "2363"]
[BlackElo "2576"]
[Result "0-1"]
[PlyCount "84"]
[EventDate "2016.06.04"]

1. e4 e5 2. Nf3 Nc6 3. Bc4 Bc5 4. O-O Nf6 5. d4 Bxd4 6. Nxd4 Nxd4 7. f4 d6 8.
fxe5 dxe5 9. Bg5 Qe7 10. Nd2 Be6 11. c3 Nc6 12. Qe2 O-O-O 13. Rf2 Nb8 14. Qe3
Bxc4 15. Nxc4 Qe6 16. Bxf6 gxf6 17. b3 b6 18. Raf1 Nd7 19. Qe2 Qc6 20. Qc2 Qc5
21. Qe2 Qc6 22. Qc2 Qc5 23. Qe2 h5 24. Kh1 Qc6 25. Qc2 h4 26. h3 Nc5 27. Rxf6
Qxe4 28. Qf2 Qd5 29. Qf5+ Kb7 30. Re1 Rhg8 31. Qf3 e4 32. Qf1 Rg7 33. Rf5 Qd3
34. b4 Na4 35. Re3 Qxf1+ 36. Rxf1 Rd3 37. Rxe4 Nxc3 38. Re7 Nxa2 39. Ne5 Rd2
40. Nf3 Rdxg2 41. Nxh4 Rd2 42. Nf5 Rh7 0-1